00695naa a2200145 i 45000010005000000030009000050050017000140080039000310400021000701000157000912450116002487730157003649420013005219990015005349596KOSZ 00520180404133927.0151126s2006 pl f |000 0 pol cBPKdKOSZ 005/EG1 aSUSZYŃSKI, Robert.d1996 - .bPolitechnika Koszalińska - Wydział Elektroniki i Informatyki,cKatedra Systemów Cyfrowego Przetwarzania Sygnałów10aInformatyzacja na terenach wiejskich na przykładzie wybranych gmin Pomorza Środkowego /cRobert Suszyński.0 iW :tPotencjał rozwojowy obszarów wiejskich w aspekcie wstąpienia Polski do Unii Europejskiej. -dSzczecin : Akademia Rolnicza w Szczecinie, 2006. cROZ2UKD c9596d9596